[Event "FIDE Qualification"]
[Site "Montreal CAN"]
[Date "2002.01.13"]
[Round "4"]
[White "Singher, Jean-Pierre"]
[Black "Tessier, Olivier"]
[Result "1-0"]
[WhiteElo "1893"]
[BlackElo "2044"]
[PlyCount "57"]
[EventDate "2002.01.11"]
[EventType "swiss"]
[EventRounds "5"]
[EventCountry "CAN"]

1. d4 Nf6 2. c4 c5 3. e3 g6 4. Nf3 Bg7 5. Nc3 O-O 6. Be2 cxd4 7. Nxd4 d6 8. O-O
Nc6 9. b3 Bd7 10. Bb2 Rb8 11. Qd2 a6 12. Rac1 Ne8 13. Nf3 Nc7 14. Rfd1 Ne6 15.
Nd5 Bxb2 16. Qxb2 b5 17. h4 f6 18. cxb5 axb5 19. b4 Qe8 20. Rd2 Qf7 21. Bd1
Rfc8 22. Bb3 Ncd8 23. Rxc8 Rxc8 24. Nb6 Rc7 25. Nd4 Kf8 26. Nxd7+ Rxd7 27. Nxb5
Qe8 28. Rc2 Ng7 29. Nc7 1-0

[Event "FIDE Qualification"]
[Site "Montreal CAN"]
[Date "2002.01.13"]
[Round "5"]
[White "Bannon, Eric"]
[Black "Gravel, Simon M"]
[Result "1/2-1/2"]
[WhiteElo "2185"]
[BlackElo "2233"]
[PlyCount "33"]
[EventDate "2002.01.11"]
[EventType "swiss"]
[EventRounds "5"]
[EventCountry "CAN"]

1. e4 e5 2. Nf3 Nf6 3. Nc3 Bb4 4. Bc4 d6 5. O-O O-O 6. Re1 Nc6 7. h3 Re8 8. d4
exd4 9. Nxd4 Bxc3 10. bxc3 Rxe4 11. Bg5 Rxe1+ 12. Qxe1 Ne5 13. Be2 h6 14. Bc1
c5 15. Nf3 Bf5 16. Bf4 Qe7 17. Qd1 1/2-1/2

[Event "FIDE Qualification"]
[Site "Montreal CAN"]
[Date "2002.01.13"]
[Round "5"]
[White "Pitre, Francois"]
[Black "Desautels, Richard"]
[Result "1-0"]
[WhiteElo "2113"]
[BlackElo "1682"]
[PlyCount "95"]
[EventDate "2002.01.11"]
[EventType "swiss"]
[EventRounds "5"]
[EventCountry "CAN"]

1. d4 Nf6 2. c4 c5 3. d5 b5 4. cxb5 a6 5. bxa6 g6 6. Nc3 Bxa6 7. e4 Bxf1 8.
Kxf1 d6 9. g3 Bg7 10. Kg2 O-O 11. Nf3 Na6 12. Qe2 Nd7 13. h4 h5 14. Nd2 Qc7 15.
Nc4 Rfb8 16. Bg5 Nb6 17. Nb5 Qd7 18. Nba3 Na4 19. b3 Bxa1 20. Rxa1 Nb6 21. Nxb6
Rxb6 22. Nc4 Rb5 23. Rd1 f6 24. Bf4 Nc7 25. Qd3 Kh7 26. a4 Rb7 27. Bc1 Na6 28.
Qe3 Qe8 29. Qh6+ Kg8 30. Rd3 Qf7 31. Bb2 Qh7 32. Qd2 Nb4 33. Rf3 Rf8 34. Na5
Ra7 35. Nc4 Rf7 36. Na3 Rg7 37. Nb5 Ra8 38. Nc7 Rc8 39. Ne6 Rf7 40. Qe2 Qh8 41.
Qd2 Rh7 42. Bc3 Rh6 43. Qe2 Rb8 44. a5 Ra8 45. Qb5 Kf7 46. Ng5+ Kg7 47. Bxf6+
exf6 48. Qd7+ 1-0

[Event "Fall Class op"]
[Site "Calgary CAN"]
[Date "2002.09.24"]
[Round "4"]
[White "Canal, Richard"]
[Black "Pivovarov, Juraj"]
[Result "1-0"]
[WhiteElo "1794"]
[BlackElo "1756"]
[PlyCount "73"]
[EventDate "2002.09.03"]
[EventType "tourn"]
[EventRounds "5"]
[EventCountry "CAN"]

1. d4 e6 2. c4 d5 3. Nc3 c6 4. Nf3 Nf6 5. cxd5 exd5 6. Qc2 Be6 7. Bg5 Nbd7 8.
e3 h6 9. Bh4 Bd6 10. Bd3 g5 11. Bg3 Qc7 12. O-O Bxg3 13. hxg3 a6 14. b4 Qd6 15.
Rab1 Ng4 16. e4 Nb6 17. e5 Qe7 18. Na4 Nd7 19. Nc5 Nb6 20. Bf5 Bxf5 21. Qxf5 h5
22. Nxg5 Nc4 23. Rfe1 b6 24. e6 f6 25. Qg6+ Kd8 26. Nf7+ Kc7 27. Nxh8 Rxh8 28.
Nd7 Rh7 29. Rbc1 Rg7 30. Qxh5 Nb2 31. Rc3 Nc4 32. f3 Nge3 33. Rexe3 Nxe3 34.
Rxe3 Qxb4 35. Qh4 Qb1+ 36. Kf2 Rh7 37. Qf4+ 1-0

[Event "Fathers Day op"]
[Site "Toronto CAN"]
[Date "2002.06.14"]
[Round "1"]
[White "Noritsyn, Nikolay"]
[Black "Bluvshtein, Mark"]
[Result "0-1"]
[WhiteElo "2500"]
[BlackElo "2500"]
[PlyCount "70"]
[EventDate "2002.06.14"]
[EventType "swiss"]
[EventRounds "5"]
[EventCountry "CAN"]

1. e4 c5 2. Nf3 d6 3. d4 cxd4 4. Nxd4 Nf6 5. Nc3 Nc6 6. Bg5 e6 7. Qd2 Be7 8.
O-O-O a6 9. Bc4 Qc7 10. Bb3 Na5 11. Kb1 Nxb3 12. cxb3 h6 13. Be3 Ng4 14. f4
Nxe3 15. Qxe3 b5 16. f5 O-O 17. Nde2 Bb7 18. fxe6 fxe6 19. Nf4 Rae8 20. Nce2
Bg5 21. h4 Bxh4 22. Qh3 Bf6 23. Ng3 Ba8 24. Ng6 Rf7 25. Rc1 Qb7 26. Ka1 Qb6 27.
e5 Bg5 28. Rcf1 Rxf1+ 29. Rxf1 Qd4 30. Nh5 Qe4 31. Ngf4 dxe5 32. Nd3 Rd8 33.
Nf2 Qe2 34. Qh1 Qc2 35. Ng3 Rd2 0-1

[Event "Fathers Day op"]
[Site "Toronto CAN"]
[Date "2002.06.14"]
[Round "1"]
[White "Tang, Charlie"]
[Black "Livshits, Ron"]
[Result "1-0"]
[WhiteElo "2500"]
[BlackElo "2500"]
[PlyCount "129"]
[EventDate "2002.06.14"]
[EventType "swiss"]
[EventRounds "5"]
[EventCountry "CAN"]

1. d4 Nf6 2. c4 g6 3. Nc3 Bg7 4. e4 d6 5. Nge2 O-O 6. Ng3 c5 7. d5 e6 8. h3
exd5 9. cxd5 a6 10. a4 Nbd7 11. Bd3 Re8 12. O-O Qc7 13. Be3 Rb8 14. Qd2 c4 15.
Bc2 Nc5 16. Rfe1 b5 17. axb5 axb5 18. Bd4 Bd7 19. f4 b4 20. Nd1 Re7 21. Nf2
Rbe8 22. Rad1 Qb6 23. e5 Nh5 24. Nxh5 gxh5 25. Kh1 h6 26. Bxc5 dxc5 27. d6 Re6
28. Bf5 c3 29. bxc3 b3 30. Bxe6 Bxe6 31. Nd3 Ra8 32. Ra1 Ra2 33. Rxa2 bxa2 34.
Qb2 Qc6 35. d7 Bxd7 36. Qxa2 Bxh3 37. Qf2 c4 38. Nb4 Qb7 39. Kh2 Bf5 40. Qc5
Be6 41. Rd1 Qe4 42. Rd8+ Kh7 43. Qd4 Qe1 44. Qd2 Qh4+ 45. Kg1 Qg4 46. Nd5 Bf5
47. Rd6 Be6 48. Nc7 Bf5 49. Ne8 h4 50. Nxg7 Kxg7 51. Qf2 Bd3 52. Kh2 Bf5 53.
Rd4 Bd3 54. f5 Qg5 55. Qxh4 Qxf5 56. Qg4+ Qg6 57. Qxg6+ Kxg6 58. Rf4 Kg7 59.
Kg3 Be2 60. Kf2 Bd3 61. Ke3 h5 62. Rh4 Kg6 63. Kf4 Be2 64. Rh1 Bd3 65. Ra1 1-0

[Event "Fathers Day op"]
[Site "Toronto CAN"]
[Date "2002.06.15"]
[Round "3"]
[White "Bluvshtein, Mark"]
[Black "Vaingorten, Yaaqov"]
[Result "0-1"]
[WhiteElo "2371"]
[BlackElo "2315"]
[PlyCount "56"]
[EventDate "2002.06.14"]
[EventType "swiss"]
[EventRounds "5"]
[EventCountry "CAN"]

1. d4 Nf6 2. c4 g6 3. Nc3 Bg7 4. e4 d6 5. Nf3 O-O 6. Be2 e5 7. O-O Nc6 8. d5
Ne7 9. Ne1 Nd7 10. Be3 f5 11. f3 f4 12. Bf2 g5 13. Rc1 Rf6 14. c5 a6 15. Na4
Rh6 16. Qb3 Kh8 17. cxd6 cxd6 18. Nb6 Nxb6 19. Qxb6 Qe8 20. Kh1 Ng8 21. Nc2 Nf6
22. Na3 g4 23. Nc4 g3 24. Bg1 Nd7 25. Nxd6 Qg6 26. Qd8+ Nf8 27. Qe8 Qxd6 28.
Rxc8 Rxh2+ 0-1

[Event "Fathers Day op"]
[Site "Toronto CAN"]
[Date "2002.06.15"]
[Round "3"]
[White "Noritsyn, Nikolay"]
[Black "Thavandiran, Shiyam"]
[Result "1-0"]
[WhiteElo "2055"]
[BlackElo "2026"]
[PlyCount "173"]
[EventDate "2002.06.14"]
[EventType "swiss"]
[EventRounds "5"]
[EventCountry "CAN"]

1. e4 e6 2. d4 d5 3. exd5 exd5 4. Nf3 Nf6 5. Bd3 Be7 6. O-O O-O 7. Bg5 b6 8.
Nbd2 c5 9. c3 Bg4 10. Qc2 h6 11. Bh4 Qc8 12. Rae1 Bd8 13. Qb1 c4 14. Bc2 Nc6
15. Ne5 Be6 16. Bg3 Nh5 17. f4 Nxg3 18. hxg3 Nxe5 19. dxe5 f5 20. Nf3 Be7 21.
Kh1 g6 22. Qd1 Kg7 23. Bb1 g5 24. Qd2 g4 25. Nd4 Qd7 26. Qe3 h5 27. Kg1 a5 28.
Kf2 Bc5 29. Rh1 Rh8 30. Rh4 Rh6 31. Kf1 Bxd4 32. Qxd4 Qb5 33. Re2 Qc5 34. Rd2
Qxd4 35. Rxd4 Kg6 36. Ke2 b5 37. Ke3 Rhh8 38. Rh1 b4 39. Rd2 Rab8 40. Kd4 Rb5
41. Bc2 Kf7 42. Ba4 Rbb8 43. Ke3 Rb6 44. Kd4 Rbb8 45. Ke3 Rb6 46. Rhd1 Rd8 47.
Kd4 Rc8 48. Ke3 Rd8 49. Rd4 Ke7 50. Kd2 Rdb8 51. b3 Rc8 52. bxc4 dxc4 53. Kc2
bxc3 54. Kxc3 Rc7 55. Rd8 Rc8 56. Rxc8 Bxc8 57. Bc2 Be6 58. Rh1 a4 59. a3 Bf7
60. Rb1 Rxb1 61. Bxb1 Bd5 62. Bxf5 Bxg2 63. Kd2 Bd5 64. Ke2 Bf3+ 65. Ke3 Bd5
66. Bc2 Bc6 67. f5 c3 68. Kf4 Be8 69. Kg5 Kf7 70. Kxh5 Bb5 71. Kxg4 Bc4 72.
Bxa4 Bd3 73. Bb3+ Kf8 74. a4 c2 75. Bxc2 Bxc2 76. a5 Bd3 77. Kg5 Kf7 78. g4 Kg7
79. Kf4 Kf7 80. g5 Ke7 81. g6 Kf8 82. Kg5 Ke7 83. f6+ Ke6 84. g7 Kf7 85. e6+
Kg8 86. Kh6 Bf5 87. f7# 1-0

[Event "Fathers Day op"]
[Site "Toronto CAN"]
[Date "2002.06.16"]
[Round "4"]
[White "Bryskine, Marina"]
[Black "Dutton, Warren"]
[Result "0-1"]
[WhiteElo "2058"]
[BlackElo "2000"]
[PlyCount "140"]
[EventDate "2002.06.14"]
[EventType "swiss"]
[EventRounds "5"]
[EventCountry "CAN"]

1. e4 e5 2. Nf3 Nc6 3. Bb5 f5 4. d3 fxe4 5. dxe4 Nf6 6. O-O d6 7. Nc3 Be7 8.
Qd3 O-O 9. h3 Kh8 10. a3 Qe8 11. Nd5 Bd8 12. Kh2 Qh5 13. Nxf6 Rxf6 14. Ng1 Nd4
15. f4 c6 16. Bc4 d5 17. Bb3 Bc7 18. exd5 Bf5 19. Qc3 Rc8 20. Be3 Nxb3 21. Qxb3
b6 22. dxc6 Be6 23. Qb4 exf4 24. Bxf4 Rxf4 25. Rxf4 g5 26. Qe7 Qg6 27. Re1 gxf4
28. Nf3 Bxh3 29. Re2 Bg4 30. Rf2 Qg7 31. Qxg7+ Kxg7 32. b4 Re8 33. Rd2 Kf6 34.
Kg1 Bxf3 35. gxf3 a6 36. c4 Rd8 37. Re2 Rd6 38. b5 axb5 39. cxb5 Rd5 40. a4 Rd4
41. Ra2 Ke6 42. Kg2 Kd5 43. Kh3 Kc4 44. Re2 Rd8 45. Re7 Rc8 46. Kg4 Kb3 47.
Rxh7 Kxa4 48. Rh5 Rg8+ 49. Kh3 Rg3+ 50. Kh2 Rxf3 51. Rh7 Bd6 52. Rd7 Be5 53. c7
Bxc7 54. Rxc7 Kxb5 55. Kg2 Rd3 56. Rb7 Kc6 57. Rf7 f3+ 58. Kf2 Kc5 59. Rc7+ Kb4
60. Rb7 b5 61. Rb8 Kc4 62. Rc8+ Kb3 63. Rb8 b4 64. Rb7 Kc3 65. Rb8 b3 66. Rc8+
Kb2 67. Ke1 Rc3 68. Rd8 f2+ 69. Kxf2 Kc1 70. Ke2 b2 0-1

[Event "Fathers Day op"]
[Site "Toronto CAN"]
[Date "2002.06.16"]
[Round "4"]
[White "Thavandiran, Shiyam"]
[Black "Buscar, Michael"]
[Result "1-0"]
[WhiteElo "2026"]
[BlackElo "2105"]
[PlyCount "93"]
[EventDate "2002.06.14"]
[EventType "swiss"]
[EventRounds "5"]
[EventCountry "CAN"]

1. e4 c5 2. Nc3 Nc6 3. g3 g6 4. Bg2 Bg7 5. Nge2 e6 6. d3 Nge7 7. Be3 Nd4 8. O-O
Nec6 9. Qd2 O-O 10. Nd1 Nxe2+ 11. Qxe2 b6 12. f4 Bb7 13. f5 exf5 14. exf5 Nd4
15. Bxd4 Bxd4+ 16. Kh1 Bxg2+ 17. Qxg2 g5 18. c3 Bf6 19. Ne3 Re8 20. Nd5 Kg7 21.
Rae1 d6 22. Rxe8 Qxe8 23. Nc7 Qd8 24. Nxa8 d5 25. Re1 Qxa8 26. c4 Qc8 27. Qxd5
h5 28. h3 Qc7 29. Kg2 Bxb2 30. Qf3 Kh6 31. h4 Qd8 32. hxg5+ Qxg5 33. Qf4 Qxf4
34. gxf4 Bf6 35. Re8 Kg7 36. Ra8 Bc3 37. Rxa7 Kf6 38. Rb7 Ba5 39. Kg3 Kxf5 40.
Rxf7+ Kg6 41. Re7 Kf5 42. Re5+ Kg6 43. Rg5+ Kh6 44. Kf3 Bd2 45. Re5 Ba5 46. Kg3
Kg6 47. Kh4 1-0

[Event "Fathers Day op"]
[Site "Toronto CAN"]
[Date "2002.06.16"]
[Round "4"]
[White "Vaingorten, Yaaqov"]
[Black "Findlay, Ian"]
[Result "1-0"]
[WhiteElo "2392"]
[BlackElo "2315"]
[PlyCount "117"]
[EventDate "2002.06.14"]
[EventType "swiss"]
[EventRounds "5"]
[EventCountry "CAN"]

1. d4 Nf6 2. c4 c5 3. d5 e6 4. Nc3 exd5 5. cxd5 d6 6. Nf3 g6 7. g3 Bg7 8. Bg2
O-O 9. O-O a6 10. a4 Nbd7 11. Bf4 Qc7 12. Qd2 Re8 13. Rfc1 Ne4 14. Nxe4 Rxe4
15. Ra2 Rb8 16. Ng5 Re8 17. Ne4 Ne5 18. b4 c4 19. Bh6 Bh8 20. Bg5 Nd7 21. Qf4
Be5 22. Qh4 b5 23. Bf4 f5 24. Bxe5 Rxe5 25. Ng5 Nb6 26. a5 Na4 27. Nxh7 Qe7 28.
Qxe7 Rxe7 29. Ng5 Bd7 30. Nf3 Kg7 31. Nd4 Rbe8 32. e3 g5 33. Nc6 Rf7 34. Bf1 f4
35. exf4 gxf4 36. Bxc4 Nc3 37. Rxc3 Re1+ 38. Kg2 bxc4 39. gxf4 Rxf4 40. b5 axb5
41. a6 Re8 42. a7 Bxc6 43. dxc6 Ra8 44. Ra5 b4 45. Rf3 Rg4+ 46. Kf1 c3 47. Ke2
c2 48. Ra1 Kh6 49. c7 Rg5 50. Kd2 Rc5 51. Rg1 c1=Q+ 52. Rxc1 Rc8 53. Rxc5 dxc5
54. Kd3 c4+ 55. Kc2 c3 56. Rd3 Re8 57. Rd8 Re2+ 58. Kd3 Rd2+ 59. Ke3 1-0

[Event "Fathers Day op"]
[Site "Toronto CAN"]
[Date "2002.06.14"]
[Round "1"]
[White "Veltmann, Martin"]
[Black "Harris, Philip"]
[Result "1/2-1/2"]
[WhiteElo "2164"]
[BlackElo "2003"]
[PlyCount "74"]
[EventDate "2002.06.14"]
[EventType "swiss"]
[EventRounds "5"]
[EventCountry "CAN"]

1. Nf3 d5 2. g3 Nf6 3. Bg2 e6 4. O-O c5 5. d3 Nc6 6. Nbd2 Be7 7. e4 Qc7 8. Qe2
O-O 9. Re1 b6 10. e5 Ne8 11. Nf1 Bb7 12. h4 Rc8 13. c3 d4 14. c4 a6 15. N1h2
Nd8 16. Bf4 Qc6 17. h5 f6 18. Ng4 f5 19. Ngh2 Qd7 20. a4 Nc6 21. h6 Nb4 22. b3
a5 23. hxg7 Nxg7 24. Bh6 Rc7 25. Rad1 Qe8 26. Nh4 Bxh4 27. Bxg7 Kxg7 28. Bxb7
Bxg3 29. Bg2 Bxh2+ 30. Kxh2 Qe7 31. Rh1 Qh4+ 32. Kg1 Qg5 33. Qf3 Kh8 34. Rh5
Qg6 35. Rh2 Rg8 36. Rd2 Qg5 37. Rd1 Qg4 1/2-1/2

[Event "Fathers Day op"]
[Site "Toronto CAN"]
[Date "2002.06.16"]
[Round "4"]
[White "Manalo, Pepin"]
[Black "Veltmann, Martin"]
[Result "1-0"]
[WhiteElo "1897"]
[BlackElo "2164"]
[PlyCount "73"]
[EventDate "2002.06.14"]
[EventType "swiss"]
[EventRounds "5"]
[EventCountry "CAN"]

1. e4 c5 2. Nf3 d6 3. d4 cxd4 4. Nxd4 Nf6 5. Nc3 a6 6. a4 e6 7. Be3 Be7 8. Be2
O-O 9. O-O Nc6 10. Nb3 Na5 11. Nd4 Qc7 12. Qd3 Bd7 13. b4 Nc6 14. Nxc6 bxc6 15.
Rfb1 Rfb8 16. Rb3 e5 17. f3 Be6 18. Rbb1 h6 19. a5 Nd7 20. Na4 c5 21. c3 c4 22.
Qd2 Qc6 23. Rd1 Bf8 24. f4 exf4 25. Bxf4 Ne5 26. Nb6 Ra7 27. Qd4 Qc7 28. Rd2
Re8 29. Rad1 Rb7 30. Qf2 Rbb8 31. Rd4 Rbd8 32. Qf1 Nc6 33. R4d2 g5 34. Bg3 Bg7
35. Bxd6 Rxd6 36. Rxd6 Be5 37. Rd7 1-0

[Event "Feb TNT"]
[Site "Winnipeg CAN"]
[Date "2002.02.05"]
[Round "1.1"]
[White "Nikouline, Alexandre"]
[Black "Pottinger, Carl"]
[Result "1-0"]
[WhiteElo "2120"]
[BlackElo "1517"]
[PlyCount "69"]
[EventDate "2002.02.05"]
[EventType "swiss"]
[EventRounds "4"]
[EventCountry "CAN"]

1. e4 c5 2. Nf3 d6 3. d4 cxd4 4. Nxd4 Nc6 5. Be3 Nf6 6. Nc3 g6 7. f3 Bg7 8. Qd2
O-O 9. g4 Ne5 10. O-O-O Bd7 11. Bh6 Qa5 12. h4 Rac8 13. Bxg7 Kxg7 14. h5 Rh8
15. h6+ Kf8 16. Kb1 Nc6 17. Nb3 Qb6 18. g5 Ne8 19. Be2 a5 20. Na4 Qa7 21. Qc3
Ne5 22. Nac5 b6 23. Nxd7+ Qxd7 24. Qxe5 dxe5 25. Rxd7 Rb8 26. Rd5 f6 27. gxf6
exf6 28. Rd7 a4 29. Bc4 Nd6 30. Rxd6 axb3 31. Rxf6+ Ke7 32. Rf7+ Ke8 33. axb3
b5 34. Bd5 Rd8 35. Ra7 1-0

[Event "Feb TNT"]
[Site "Winnipeg CAN"]
[Date "2002.02.05"]
[Round "1.2"]
[White "Weijs, Harry"]
[Black "Khedkar, Jay"]
[Result "0-1"]
[WhiteElo "1528"]
[BlackElo "2027"]
[PlyCount "43"]
[EventDate "2002.02.05"]
[EventType "swiss"]
[EventRounds "4"]
[EventCountry "CAN"]

1. d4 e6 2. e4 d5 3. e5 c5 4. c3 Nc6 5. Nf3 Bd7 6. Bd3 Qb6 7. Qe2 cxd4 8. O-O
Nge7 9. a4 Rc8 10. a5 Nxa5 11. Nxd4 Nec6 12. Be3 Qc7 13. f4 a6 14. Nxc6 Nxc6
15. Qf2 Be7 16. Bb6 Qb8 17. Nd2 O-O 18. Nf3 f6 19. Qh4 f5 20. Qf2 Kh8 21. Bc5
Bxc5 22. Qxc5 0-1

[Event "Feb TNT"]
[Site "Winnipeg CAN"]
[Date "2002.02.05"]
[Round "1.3"]
[White "Curtis, Rory"]
[Black "Trueman, Francis"]
[Result "1/2-1/2"]
[WhiteElo "1707"]
[BlackElo "1417"]
[PlyCount "85"]
[EventDate "2002.02.05"]
[EventType "swiss"]
[EventRounds "4"]
[EventCountry "CAN"]

1. d4 Nf6 2. c4 d6 3. Nc3 g6 4. e4 Bg7 5. f4 e5 6. dxe5 Nh5 7. Nf3 O-O 8. Be2
dxe5 9. Qxd8 Rxd8 10. Nxe5 Bxe5 11. fxe5 Ng7 12. Nd5 Ne6 13. O-O Kg7 14. b4 c6
15. Nf6 Nd7 16. Ng4 Nd4 17. Bh6+ Kg8 18. Rf2 Nxe2+ 19. Rxe2 Re8 20. Rd1 Re6 21.
Nf6+ Nxf6 22. exf6 Re8 23. Rd6 Bg4 24. Re3 Be6 25. Rd4 Rad8 26. Red3 Rc8 27. c5
Bxa2 28. Ra3 Bb1 29. Rxa7 Bxe4 30. Rxb7 Bd5 31. Re7 Ra8 32. Rd2 Red8 33. g3
Ra1+ 34. Kf2 Rh1 35. Ke3 Re1+ 36. Re2 Rf1 37. Rf2 Rb1 38. Re2 Rxb4 39. Kf2 Rbb8
40. Bf4 Ra8 41. Bc7 Rdc8 42. Bb6 Be6 43. Rd2 1/2-1/2

[Event "Feb TNT"]
[Site "Winnipeg CAN"]
[Date "2002.02.05"]
[Round "1.4"]
[White "Gibbons, Lorne"]
[Black "Wasney, Mark"]
[Result "0-1"]
[WhiteElo "1261"]
[BlackElo "1711"]
[PlyCount "33"]
[EventDate "2002.02.05"]
[EventType "swiss"]
[EventRounds "4"]
[EventCountry "CAN"]

1. d4 Nf6 2. c4 e6 3. Nc3 c5 4. d5 exd5 5. Nxd5 Nxd5 6. Qxd5 d6 7. b3 Nc6 8.
Bb2 Be6 9. Qd2 Qc7 10. e3 O-O-O 11. Qc2 d5 12. Nf3 d4 13. exd4 cxd4 14. a3 Be7
15. Be2 Bf6 16. O-O d3 17. Bxd3 0-1

[Event "Feb TNT"]
[Site "Winnipeg CAN"]
[Date "2002.02.05"]
[Round "1.5"]
[White "Tetrault, Charles"]
[Black "Verch, Graham"]
[Result "1-0"]
[WhiteElo "1622"]
[BlackElo "1358"]
[PlyCount "61"]
[EventDate "2002.02.05"]
[EventType "swiss"]
[EventRounds "4"]
[EventCountry "CAN"]

1. e4 e5 2. Nf3 Nf6 3. d4 exd4 4. Bc4 Bc5 5. c3 dxc3 6. Bxf7+ Kxf7 7. Qd5+ Kf8
8. Qxc5+ d6 9. Qxc3 Nc6 10. O-O Bg4 11. Ng5 h6 12. f3 Bd7 13. e5 Nxe5 14. Ne4
Bc6 15. Be3 Kg8 16. Nbd2 Kh7 17. Qc2 Nxe4 18. Nxe4 g6 19. f4 Ng4 20. Bd4 Rf8
21. h3 Bxe4 22. Qxe4 Nf6 23. Qxb7 Qc8 24. Qc6 Qd8 25. Rac1 Ne8 26. g4 Rc8 27.
f5 gxf5 28. gxf5 Qg5+ 29. Kh1 Qh4 30. Qd7+ Kg8 31. Rg1+ 1-0

[Event "Feb TNT"]
[Site "Winnipeg CAN"]
[Date "2002.02.05"]
[Round "1.6"]
[White "Hogeveen Rutter, Alexander"]
[Black "Kohalmi, Andy"]
[Result "0-1"]
[WhiteElo "1262"]
[BlackElo "1911"]
[PlyCount "106"]
[EventDate "2002.02.05"]
[EventType "swiss"]
[EventRounds "4"]
[EventCountry "CAN"]

1. e4 c5 2. Nf3 e6 3. Nc3 Nc6 4. Bb5 a6 5. Bxc6 dxc6 6. d3 Qc7 7. Be3 Nf6 8. e5
Nd5 9. Qd2 Be7 10. O-O O-O 11. Ne4 b6 12. Neg5 Bb7 13. Rfe1 Rad8 14. Qe2 Rd7
15. Bd2 b5 16. Qe4 g6 17. Qh4 h5 18. Qg3 Nb4 19. Rec1 Nd5 20. Nh3 Kg7 21. Nf4
Nxf4 22. Bxf4 Qa5 23. Re1 Qb4 24. b3 c4 25. Bd2 c3 26. Re4 Qa5 27. Be3 c5 28.
Rf4 Bxf3 29. Qxf3 Qc7 30. d4 b4 31. dxc5 Bxc5 32. Bxc5 Qxc5 33. Re1 Rd2 34. Qe4
a5 35. h3 Rfd8 36. Rc1 R2d4 37. Qe3 Rd1+ 38. Rxd1 Rxd1+ 39. Kh2 Qxe3 40. fxe3
Rd2 41. Rc4 Rxc2 42. Kg3 Rxa2 43. Rc5 Ra3 44. Kf3 Rxb3 45. Rxa5 Ra3 46. Rc5 Ra2
47. g3 c2 48. Ke4 b3 49. Kd3 Ra1 50. Kd2 Rd1+ 51. Ke2 c1=Q 52. Rxc1 Rxc1 53.
Kd2 b2 0-1

[Event "Feb TNT"]
[Site "Winnipeg CAN"]
[Date "2002.02.05"]
[Round "1.7"]
[White "Tetrault, Claude"]
[Black "Semenko, Rena"]
[Result "1-0"]
[WhiteElo "1562"]
[BlackElo "1043"]
[PlyCount "74"]
[EventDate "2002.02.05"]
[EventType "swiss"]
[EventRounds "4"]
[EventCountry "CAN"]

1. d4 d6 2. c4 Na6 3. e4 Nf6 4. Nc3 c5 5. d5 Qa5 6. Bd3 Bg4 7. Nf3 g6 8. O-O
Bg7 9. Be2 Nh5 10. Qc2 Nf4 11. Bxf4 e5 12. Be3 O-O 13. Nb5 Nb4 14. Qb3 Na6 15.
Nxd6 b6 16. Bd2 Nb4 17. a3 Qa6 18. axb4 Qxa1 19. Rxa1 a6 20. b5 a5 21. h3 Bxf3
22. Bxf3 Rab8 23. Bg4 Rfd8 24. Nxf7 Kxf7 25. Qf3+ Kg8 26. Be6+ Kh8 27. Bg5 Rf8
28. Qe3 h6 29. Bxh6 Kh7 30. Bxg7 Kxg7 31. Qg3 Rf6 32. Qxe5 Rbf8 33. d6 Kh6 34.
d7 Rxf2 35. d8=Q Rxd8 36. Kxf2 g5 37. Qf6+ Kh7 1-0

[Event "Feb TNT"]
[Site "Winnipeg CAN"]
[Date "2002.02.12"]
[Round "2.1"]
[White "Kohalmi, Andy"]
[Black "Nikouline, Alexandre"]
[Result "0-1"]
[WhiteElo "1911"]
[BlackElo "2120"]
[PlyCount "56"]
[EventDate "2002.02.05"]
[EventType "swiss"]
[EventRounds "4"]
[EventCountry "CAN"]

1. d4 Nf6 2. c4 e6 3. Nc3 Bb4 4. e3 c5 5. Nf3 Nc6 6. Bd3 O-O 7. O-O b6 8. Nb5
cxd4 9. Nbxd4 Bb7 10. a3 Be7 11. Bd2 Nxd4 12. exd4 d5 13. b3 dxc4 14. bxc4 Bxf3
15. Qxf3 Qxd4 16. Rfd1 Rfd8 17. Bb4 Kf8 18. Bxe7+ Kxe7 19. Bxh7 Qxc4 20. Bd3
Qd5 21. Qe2 Qb3 22. h3 Rd6 23. Bc2 Rxd1+ 24. Bxd1 Qc3 25. Ra2 Rd8 26. Ba4 Qc1+
27. Kh2 Qf4+ 28. g3 Qxa4 0-1

[Event "Feb TNT"]
[Site "Winnipeg CAN"]
[Date "2002.02.12"]
[Round "2.2"]
[White "Khedkar, Jay"]
[Black "Tetrault, Charles"]
[Result "1-0"]
[WhiteElo "2027"]
[BlackElo "1622"]
[PlyCount "67"]
[EventDate "2002.02.05"]
[EventType "swiss"]
[EventRounds "4"]
[EventCountry "CAN"]

1. e4 c5 2. Nf3 e6 3. d4 cxd4 4. Nxd4 Nf6 5. Nc3 d6 6. Bg5 Be7 7. Qd2 a6 8. a4
Nc6 9. f4 Qb6 10. Nb3 Ng4 11. Bxe7 Nxe7 12. a5 Qe3+ 13. Qxe3 Nxe3 14. Kd2 Nxf1+
15. Rhxf1 Bd7 16. Rad1 O-O-O 17. Kc1 Kc7 18. Nd2 d5 19. exd5 Nxd5 20. Nxd5+
exd5 21. Nf3 Bg4 22. Rd4 f6 23. h3 Bf5 24. Nd2 Rd6 25. Re1 Re6 26. Rxe6 Bxe6
27. Nb3 Kc6 28. Rb4 Re8 29. Nd4+ Kc5 30. c3 Bc8 31. Kd2 Re4 32. Kd3 f5 33. Rb6
Rxd4+ 34. cxd4# 1-0

[Event "Feb TNT"]
[Site "Winnipeg CAN"]
[Date "2002.02.12"]
[Round "2.4"]
[White "Rutter, Blair"]
[Black "Curtis, Rory"]
[Result "1-0"]
[WhiteElo "1599"]
[BlackElo "1707"]
[PlyCount "77"]
[EventDate "2002.02.05"]
[EventType "swiss"]
[EventRounds "4"]
[EventCountry "CAN"]

1. d4 Nf6 2. c4 e6 3. Nc3 b6 4. Nf3 Bb4 5. Bd2 Bb7 6. a3 Be7 7. Qc2 d5 8. e3
Nbd7 9. b3 O-O 10. Be2 c5 11. O-O cxd4 12. exd4 Rc8 13. Rfe1 dxc4 14. bxc4 Qc7
15. a4 Rfd8 16. Nb5 Qb8 17. a5 a6 18. Nc3 Ng4 19. g3 Qa8 20. Qd1 Bb4 21. axb6
Bxc3 22. Bxc3 Nc5 23. Nd2 Ne4 24. Nxe4 Bxe4 25. Bxg4 Rxc4 26. Re3 Rdc8 27. Ra3
Qc6 28. Bf3 Qd6 29. Rb3 Bd5 30. Bxd5 Qxd5 31. Qf3 Qd7 32. Re5 Qa4 33. Bb2 Rc2
34. b7 Rb8 35. Rc5 Rxc5 36. dxc5 Qa5 37. Qc3 Qxc3 38. Bxc3 f6 39. c6 1-0

[Event "Feb TNT"]
[Site "Winnipeg CAN"]
[Date "2002.02.12"]
[Round "2.6"]
[White "Pottinger, Carl"]
[Black "Hogeveen Rutter, Alexander"]
[Result "1-0"]
[WhiteElo "1517"]
[BlackElo "1262"]
[PlyCount "49"]
[EventDate "2002.02.05"]
[EventType "swiss"]
[EventRounds "4"]
[EventCountry "CAN"]

1. c4 e5 2. Nc3 Nf6 3. d3 Nc6 4. g3 d5 5. cxd5 Nxd5 6. Bg2 Nxc3 7. bxc3 Be6 8.
Qa4 Bd5 9. Nf3 Bd6 10. c4 Be6 11. O-O O-O 12. Ba3 Bd7 13. Bxd6 cxd6 14. Qa3 Qf6
15. Rab1 Rab8 16. Rfd1 Rfe8 17. Rb2 Re6 18. Nd2 a6 19. Rdb1 Qg5 20. Ne4 Qh5 21.
Bf3 Qf5 22. Nxd6 Qh3 23. Nxf7 Rf6 24. Bd5 Qf5 25. Nh6+ 1-0

[Event "Feb TNT"]
[Site "Winnipeg CAN"]
[Date "2002.02.12"]
[Round "2.7"]
[White "Semenko, Rena"]
[Black "Weijs, Harry"]
[Result "0-1"]
[WhiteElo "1043"]
[BlackElo "1528"]
[PlyCount "89"]
[EventDate "2002.02.05"]
[EventType "swiss"]
[EventRounds "4"]
[EventCountry "CAN"]

1. e4 d5 2. d3 dxe4 3. Nc3 Nf6 4. Nxe4 Nxe4 5. dxe4 Qxd1+ 6. Kxd1 e5 7. Nf3 Bg4
8. Be2 Nc6 9. Kd2 O-O-O+ 10. Ke1 Nb4 11. Kf1 Bxf3 12. Bxf3 Nxc2 13. Rb1 Nd4 14.
Bg4+ Kb8 15. Be3 h5 16. Bh3 f6 17. g3 Nc2 18. Bc1 Rd1+ 19. Kg2 Ne1+ 20. Kg1
Nd3+ 21. Kg2 Rxh1 22. Kxh1 Nxf2+ 23. Kg2 Nxe4 24. Bf5 Nd6 25. Be6 g5 26. Be3
Be7 27. Rc1 b6 28. b4 Rd8 29. a4 Ne8 30. a5 Bxb4 31. axb6 cxb6 32. h4 gxh4 33.
gxh4 Ng7 34. Bh3 Rg8 35. Bh6 Nf5+ 36. Kh1 Nxh6 37. Rc6 Bc5 38. Rxf6 Rg1+ 39.
Kh2 Ng4+ 40. Bxg4 hxg4 41. h5 g3+ 42. Kh3 Bf2 43. h6 e4 44. h7 Rh1+ 45. Kg2 0-1

[Event "Feb TNT"]
[Site "Winnipeg CAN"]
[Date "2002.02.12"]
[Round "3.1"]
[White "Nikouline, Alexandre"]
[Black "Khedkar, Jay"]
[Result "1-0"]
[WhiteElo "2120"]
[BlackElo "2027"]
[PlyCount "45"]
[EventDate "2002.02.05"]
[EventType "swiss"]
[EventRounds "4"]
[EventCountry "CAN"]

1. e4 c5 2. Nf3 d6 3. d4 cxd4 4. Nxd4 Nf6 5. Nc3 a6 6. Be3 e6 7. g4 Be7 8. g5
Nfd7 9. f4 b5 10. Bg2 Bb7 11. Qg4 b4 12. Na4 Qa5 13. b3 Nc5 14. e5 Qc7 15. exd6
Bxd6 16. Nxc5 Bxc5 17. Nxe6 fxe6 18. Bxc5 Qxc5 19. Qxe6+ Kf8 20. Bxb7 Qc3+ 21.
Kf2 Qxc2+ 22. Kg3 Qd3+ 23. Bf3 1-0